La Pobreza rural en México /

Na minha lista:
Detalhes bibliográficos
Autor principal: Mújica Vélez, Rubén
Formato: Texto
Assuntos:
Tags: Adicionar Tag
Sem tags, seja o primeiro a adicionar uma tag!

MARC

LEADER 00000 a a2200000 04500
001 5345
003
040
100 |a Mújica Vélez, Rubén  
245 |a La Pobreza rural en México /  |c Rubén Mújica Vélez 
650 |a POBREZA  
650 |a COMUNIDADES RURALES  
650 |a CREDITO  
773 |g número 323; páginas 78-82  
999 |c 30853  |d 30853